Pays ayant participé à la Coupe du Monde 1954 - Statistiques

Statistiques générales
  • Ce quiz a été pris 90 fois
  • Le résultat moyen est 14 sur 16
Statistiques - réponses
Continents Pays % Correct
Europe Italie
100%
Europe France
99%
Europe (vainqueur) RFA
99%
Amérique du sud Brésil
97%
Amérique du nord et centrale Mexique
97%
Amérique du sud (tenant du titre) Uruguay
96%
Europe Angleterre
93%
Europe (organisateur) Suisse
90%
Europe Belgique
88%
Europe Hongrie
87%
Europe Autriche
86%
Europe Yougoslavie
83%
Europe Tchécoslovaquie
78%
Europe Turquie
71%
Asie Corée du sud
68%
Europe Ecosse
64%
Aucun quiz correspondant
Distribution des résultats
% des personnes avec chaque résultat
Percentile par nombre de réponses
Votre historique - résultats
Vous n’avez pas pris ce quiz